00559nam a2200157 a 450000100100000000500170001000800410002704000250006824500290009326000420012230000210016450000210018504900090020695201690021599900170038400003564120200930074508.0111107s1983 es 000 0 spa d aDO-SdBNPbspacBNPHU00aEditorial Herder 1983 /. aBarcelona :bEditorial Herder,c1983. a119 p. ;c22 cm. aIncluye índice aBNPD 001050718MOaGRbGRcCTd2011-11-07iLF1l0o p35641-10r2020-06-25w2020-06-25y1zPerteneció a la biblioteca personal de Juan Isidro GrullónZNo se presta c35132d35132